| 000 | 01424nam a2200349 i 4500 | ||
|---|---|---|---|
| 001 | 11949 | ||
| 003 | KOSZ 005 | ||
| 005 | 20200514125828.0 | ||
| 008 | 070907s1965 pl a g |001 0 pol | ||
| 015 | _aPB 1966/1153 | ||
| 040 |
_aWA N _cKOSZ 005/RW _dKOSZ 005/RW |
||
| 041 | 1 |
_apol _hrus |
|
| 080 | _a1(09) | ||
| 245 | 0 | 0 |
_aHistoria filozofii. _nT. 1, _pFilozofia starożytna i średniowieczna / _c[w przygot. udział wzięli G. F. Aleksandrow et al. ; tł. Aleksander Neyman, Roman Korab-Żebryk, Bogdan Kupis]. |
| 246 | 3 | 0 | _aFilozofia starożytna i średniowieczna. |
| 246 | 1 |
_iTyt. oryg.: _aIstoriâ filosofii. |
|
| 250 | _aWyd. 3. | ||
| 260 |
_aWarszawa : _b"Książka i Wiedza", _c1965. |
||
| 300 |
_a567, [1] s., [20] k. portr. : _bil. ; _c25 cm. |
||
| 380 | _aKsiążki. | ||
| 500 | _aRed. całości G. F. Aleksandrow [et al.]. | ||
| 500 | _aDruk z matryc. | ||
| 504 | _aIndeks. | ||
| 650 | 4 |
_aFilozofia _xhistoria _ydo 15 w. |
|
| 700 | 1 |
_aAleksandrov, Georgij Fëdorovič _d(1908-1961). _eOpracowanie |
|
| 700 | 1 |
_aNeyman, Aleksander. _eTłumacz |
|
| 700 | 1 |
_aKorab-Żebryk, Roman _d(1916-2004). _eTłumacz |
|
| 710 | 2 |
_aSpółdzielnia Wydawniczo-Handlowa "Książka i Wiedza" _4pbl. |
|
| 700 | 1 |
_aKupis, Bogdan _eTłumaczenie |
|
| 856 |
_uhttp://koha.tu.koszalin.pl/cgi-bin/koha/opac-detail.pl?biblionumber=11949 _yKatalog online BPK |
||
| 942 |
_2UKD _cKS |
||
| 999 |
_c11949 _d11949 |
||